Αφρικανικές Πόλεις - Κουίζ Χάρτη - Statistics

General Stats
  • This quiz has been taken 31 times
  • The average score is 20 of 28
Answers on the Map
Answers color-coded by a green-red scale on the quiz's map according to % correct below.
 
Answer Stats
Answer % Correct
Χαρτούμ
94%
Κάιρο
88%
Αντίς Αμπέμπα
88%
Ναϊρόμπι
88%
Τζιμπουτί
82%
Ανταναναρίβο
82%
Κέιπ Τάουν
82%
Αμπούτζα
82%
Λάγος
82%
Καζαμπλάνκα
82%
Μογκαντίσου
76%
Καμπάλα
76%
Κινσάσα
76%
Ντακάρ
76%
Τύνιδα
76%
Λούξορ
71%
Νταρ Ες Σαλάμ
71%
Αλγέρι
71%
Λουάντα
65%
Τρίπολη
65%
Λουσάκα
59%
Γιοχάνεσμπουργκ
59%
Νιαμέι
59%
Μονρόβια
53%
Εν Ντιαμένα
47%
Τιμπουκτού
47%
Μομπάσα
41%
Αμπιτζάν
41%
No matching quizzes found
Score Distribution
Percent of People with Each Score
Percentile by Number Answered
Your Score History
You have not taken this quiz